Agglomerationen - Angelsächsischer Raum - Statistiken

Allgemein
  • Dieses Quiz wurde 49 mal gespielt
  • Das Durchschnittsergebnis liegt bei 12 aus 15
Antwortstatistiken
Hint Antwort % Korrekt
14,9 Mio. London / Vereinigtes Königreich
100%
8,7 Mio. Chicago / USA
92%
12,2 Mio. Los Angeles / USA
92%
19,5 Mio. New York / USA
92%
4,4 Mio. Boston / USA
88%
5,7 Mio. Dallas / USA
88%
6,0 Mio. Miami / USA
88%
5,7 Mio. Philadelphia / USA
85%
5,9 Mio Houston / USA
81%
5,2 Mio. Washington / USA
81%
5,1 Mio. Atlanta / USA
73%
4,0 Mio. Phoenix / USA
65%
6,2 Mio. Toronto / Kanada
65%
4,9 Mio. Sydney / Australien
54%
4,9 Mio. Melbourne / Australien
46%
Keine übereinstimmenden Quizze gefunden
Verteilung der Resultate
Anzahl Personen mit jedem Resultat
Perzentil nach korrekt beantworteten Fragen
Ihre Resultats-Entwicklung
Sie haben dieses Quiz noch nicht gespielt